Balada triste de Navidad /

Kaydedildi:
Detaylı Bibliyografya
Yazar: Fernández, Alejandro
Materyal Türü: Metin
Etiketler: Etiketle
Etiket eklenmemiş, İlk siz ekleyin!

MARC

LEADER 00000 a a2200000 04500
001 45454
003
040
100 |a Fernández, Alejandro  
245 |a Balada triste de Navidad /  |c Alejandro Fernández  
773 |g volumen32, número370 (2013), páginas 23-26  
999 |c 37723  |d 37723